| 000 | 00780cam a22002771 4500 | ||
|---|---|---|---|
| 001 | 17327 | ||
| 003 | BD-RjUL | ||
| 005 | 20211209000124.0 | ||
| 008 | 140216r19751966enk b 001 0 eng d | ||
| 035 | _a(BD-RjUL)17385 | ||
| 035 | _a(OCoLC)4934964 | ||
| 040 |
_aDLC _cViU _dUk _dDLC _dBD-RjUL _beng |
||
| 041 | _aeng | ||
| 082 | 0 | 0 |
_a109 _bPAH 1975 |
| 100 | 0 |
_aPassmore, John Arthur. _953402 |
|
| 245 | 1 | 2 |
_aA hundred years of philosophy / _cby John Passmore. |
| 250 | _a2nd ed. | ||
| 260 |
_aLondon : _bDuckworth, _c1966. [Reprinted 1975] |
||
| 300 |
_a640 p. ; _c18 cm. |
||
| 504 | _aBibliography: p. 547-549. | ||
| 650 | 0 |
_aPhilosophy, English. _94051 |
|
| 650 | 0 |
_aPhilosophy _xHistory. _953403 |
|
| 942 |
_2ddc _cBK |
||
| 999 |
_c17327 _d17327 |
||